Business Statistics/ (Record no. 208834)

MARC details
000 -LEADER
fixed length control field 00581nam a22002057a 4500
005 - DATE AND TIME OF LATEST TRANSACTION
control field 20250128121955.0
010 ## - LCCN (DPL NO)
LC control number ENG-143634
020 ## - INTERNATIONAL STANDARD BOOK NUMBER
International Standard Book Number 9789353387273
Terms of availability 795.00
035 ## - SYSTEM CONTROL NUMBER
System control number EN-127166
037 ## - SOURCE OF ACQUISITION
Source of stock number/acquisition DBAD
082 ## - DEWEY DECIMAL CLASSIFICATION NUMBER
Classification number 519.5
100 ## - MAIN ENTRY--PERSONAL NAME
Personal name Sharma , J K
245 ## - TITLE STATEMENT
Title Business Statistics/
Statement of responsibility, etc by J K Sharma
250 ## - EDITION STATEMENT
Edition statement 5
260 ## - PUBLICATION, DISTRIBUTION, ETC. (IMPRINT)
Place of publication, distribution, etc New Delhi
Name of publisher, distributor, etc Vikas Publishing House
Date of publication, distribution, etc 2023
270 ## - ADDRESS
Address 7361, Ravindra Mansion, Ram Nagar,
City New Delhi
Postal code 110002
300 ## - PHYSICAL DESCRIPTION
Extent 759p.
Dimensions 28cm.(pb)
500 ## - GENERAL NOTE
General note It includes index
942 ## - ADDED ENTRY ELEMENTS (KOHA)
Source of classification or shelving scheme Dewey Decimal Classification
Item type English Books
Call number suffix SHA
Classification part 519.5
Holdings
Withdrawn status Lost status Not for loan Collection code Home library Current library Date acquired Source of acquisition Cost, normal purchase price Full call number Barcode Copy number Cost, replacement price Koha item type
    Not For Loan Non-fiction D.B.Act.Division D.B.Act.Division 28/01/2025 Delivery of Books Act Division 795.00 SHA 519.5 EN-127166 1 795.00 English Books

© Delhi Public Library
Hit Counter
free hit counter